| 000 | 00376nam a2200133Ia 4500 | ||
|---|---|---|---|
| 008 | 220217s9999||||xx |||||||||||||| ||und|| | ||
| 020 | _a978-81-7366-116-7 | ||
| 082 | _a005.13 LOU | ||
| 100 |
_aLoudon, Kyle _95485 |
||
| 245 | 0 | _aMastering algorithms with C | |
| 260 |
_aShroff publishers and dist.Pvt. _bMumbai _c2008 |
||
| 300 | _b400 | ||
| 650 | _aPROGRAMMING LANGUAGE | ||
| 999 |
_c176473 _d176473 |
||